Formel 1 Fahrer 2021+Testfahrer - Statistiken

Allgemein
  • Dieses Quiz wurde 17 mal gespielt
  • Das Durchschnittsergebnis liegt bei 32 aus 45
Antwortstatistiken
Team Nation Stamm-/Testfahrer Fahrer % Korrekt
Mercedes Großbritannien Stamm Lewis Hamilton
100%
Red Bull Thailand Test Alexander Albon
93%
Alpha Tauri Thailand Test Alexander Albon
93%
Ferrari Spanien Stamm Carlos Sainz jr.
93%
Ferrari Monaco Stamm Charles Leclerc
93%
McLaren Australien Stamm Daniel Ricciardo
93%
Alpine Frankreich Stamm Esteban Ocon
93%
Alpine Spanien Stamm Fernando Alonso
93%
Aston Martin Kanada Stamm Lance Stroll
93%
McLaren Großbritannien Stamm Lando Norris
93%
Red Bull Niederlande Stamm Max Verstappen
93%
Haas Deutschland Stamm Mick Schumacher
93%
Alpine Australien Test Oscar Piastri
93%
Alpha Tauri Frankreich Stamm Pierre Gasly
93%
Aston Martin Deutschland Stamm Sebastian Vettel
93%
Red Bull Mexiko Stamm Sergio Perez
93%
Mercedes Finnland Stamm Valtteri Bottas
93%
Alpha Tauri Japan Stamm Yuki Tsunoda
93%
Alpine China Test Zhou Guanyu
93%
Alfa Romeo China Test Zhou Guanyu
93%
Williams Großbritannien Stamm George Russell
87%
Alfa Romeo Finnland Stamm Kimi Räikkönen
87%
Mercedes Niederlande Test Nyck de Vries
87%
Alfa Romeo Italien Stamm Antonio Giovinazzi
80%
Alpha Tauri Neuseeland Test Liam Lawson
80%
Williams Kanada Stamm Nicholas Latifi
80%
Haas Russland Stamm Nikita Masepin
80%
Alfa Romeo Polen Stamm/Ersatz Robert Kubica
80%
Mercedes Deutschland Test Nico Hülkenberg
67%
Aston Martin Deutschland Test Nico Hülkenberg
67%
Haas Brasilien Test Pietro Fittipaldi
60%
Williams USA Test Logan Sargeant
53%
Mercedes Belgien Test Stoffel Vandoorne
53%
Ferrari Russland Test Robert Schwarzman
47%
Haas Russland Test Robert Schwarzman
47%
Alpine Russland Test Danil Kvyat
40%
McLaren Mexiko Test Patricio (Pato) O'Ward
40%
Williams Großbritannien Test Jack Aitken
33%
Red Bull Estland Test Jüri Vips
33%
Williams Israel Test Roy Nissany
27%
Ferrari Großbritannien Test Callum Ilott
20%
Alfa Romeo Großbritannien Test Callum Ilott
20%
Ferrari Italien Test Antonio Fuoco
13%
McLaren Großbritannien Test Paul di Resta
7%
Aston Martin Großbritannien Test Nick Yelloly
0%
Keine übereinstimmenden Quizze gefunden
Verteilung der Resultate
Anzahl Personen mit jedem Resultat
Perzentil nach korrekt beantworteten Fragen
Ihre Resultats-Entwicklung
Sie haben dieses Quiz noch nicht gespielt